The worst journey in the world antartic. 1910-1913. With panoramas, maps, and illustrations by the late Doctor Edward A. Wilson and the other members of the expedition. In two volumes

Guardat en:
Dades bibliogràfiques
Autor principal: Cherry Garrard, Aspley (Autor)
Format: Llibre
Idioma:anglès
Publicat: Londres Constable and Company Limited 1822
Edició:1a. ed
Matèries:
Etiquetes: Afegir etiqueta
Sense etiquetes, Sigues el primer a etiquetar aquest registre!

MARC

LEADER 00000nam a2200000 a 4500
001 UCJ8706
003 CL-VaPUC
008 070124e18220000UK |||||||||||||||||eng|d
082 0 4 |a 910.4  |b CHE  |2 21 
100 0 |a Cherry Garrard, Aspley  |e author  |9 517601 
245 1 4 |a The worst journey in the world antartic. 1910-1913. With panoramas, maps, and illustrations by the late Doctor Edward A. Wilson and the other members of the expedition. In two volumes 
250 |a 1a. ed 
300 |a 2 v 
942 |c BK 
945 |d 20070124 00:00:00  |a rinostro 
260 |a Londres  |b Constable and Company Limited  |c 1822 
500 |a Ilustraciones, iconografía y mapas conforme a lo señalado en índices 
600 0 7 |a WILSON, EDWARD A  |2 CL-VaPUC  |9 506547 
650 0 |a Viajes  |9 257115 
650 7 |a FAUNA ANTARTICA  |2 CL-VaPUC  |9 517602 
650 0 |a Ilustraciones  |9 369481 
650 0 |a Iconografía   |9 267998 
650 0 |a Mapas  |9 260844 
651 0 |a Antártica (Antártida)  |9 324088 
583 |a last modification  |c 20130712 06:53:28  |k Rodrigo Vera 
999 |c 324363  |d 324361 
952 |0 0  |1 0  |4 0  |6 910_400000000000000_CHE_1822  |7 0  |8 X  |9 404457  |a FDOBUD  |b FDOBUD  |d 2019-11-22  |h v.1  |i 1082647  |o 910.4 CHE 1822  |p 1082647  |r 2019-11-22  |w 2019-11-22  |y BK_X  |k BUD 
952 |0 0  |1 0  |4 0  |6 910_400000000000000_CHE_1822  |7 0  |8 X  |9 404458  |a FDOBUD  |b FDOBUD  |d 2019-11-22  |h v.2  |i 1082655  |o 910.4 CHE 1822  |p 1082655  |r 2019-11-22  |w 2019-11-22  |y BK_X  |k BUD